000 00506nam a2200181Ia 4500
005 20250508161757.0
008 008 250505s9999 xx 000 0 eng d
037 _aTextual
040 _aFEDL
_beng
_cFEDL
041 _aeng
_2eng
084 _a629.1325, FOS
_qFEDL
100 _aFoster-Page George
_9771531
245 0 _aModern marvels of flight
260 _aLondon, UK
_bWard, Lock and Co Ltd.
_c1956
300 _a62p.
942 _cTEXL
_h629.1325, FOS
999 _c1372133
_d1372133